00486nam a2200193Ia 4500008004100000020001800041050001400059100002400073245004000097245002400137260001500161260002200176260000900198300001500207300002700222300001000249440002500259500000800284170918s9999 xx 000 0 und d a9780516234779 bF911 2002 aFriedman, Katherine aWhat if the polar ice caps melted / cKatherine Friedman. aNew York : bChildren's Press, c2002 a48 pages : bcolored illustration ; c22cm. aHigh interest books. a830